Recent manufacturing growth in INDIA: Size and Sectoral patterns (Record no. 533257)

000 -LEADER
fixed length control field 01429nam a22001337a 4500
008 - FIXED-LENGTH DATA ELEMENTS--GENERAL INFORMATION
fixed length control field 260505b ||||| |||| 00| 0 eng d
100 ## - MAIN ENTRY--PERSONAL NAME
Personal name Babu, M. Suresh
245 ## - TITLE STATEMENT
Title Recent manufacturing growth in INDIA: Size and Sectoral patterns
260 ## - PUBLICATION, DISTRIBUTION, ETC. (IMPRINT)
Place of publication, distribution, etc Economic & Political Weekly
300 ## - PHYSICAL DESCRIPTION
Extent 61(16), Apr 18, 2026: p.47-52
520 ## - SUMMARY, ETC.
Summary, etc This recent patterns of industrial transformation are examined through the distribution of establishments by size, value added, sectoral growth, and price-cost margins. The evidence points to an increasing concentration of output and value added among larger, more capital-intensive establishments, alongside the continued employment significance of smaller units, suggesting an incomplete process of structural reallocation. Sectoral expansion appears to be driven primarily by capital- and technology-intensive industries, while labour-intensive segments exhibit slower growth and relatively tighter margins. Variations in price-cost margins indicate uneven value capture across industries, reflecting differences in scale, capabilities, and market structure. Overall, the findings point to selective diversification and consolidation, even as segmentation within the manufacturing system persists.-Reproduced

https://www.epw.in/journal/2026/16/indias-industrial-transformation/recent-manufacturing-growth-india.html
773 ## - HOST ITEM ENTRY
Main entry heading Economic & Political Weekly
942 ## - ADDED ENTRY ELEMENTS (KOHA)
Item type Articles
Holdings
Withdrawn status Lost status Source of classification or shelving scheme Damaged status Not for loan Permanent location Current location Date acquired Serial Enumeration / chronology Barcode Date last seen Koha item type
          Indian Institute of Public Administration Indian Institute of Public Administration 2026-05-05 61(16), Apr 18, 2026: p.47-52 AR138769 2026-05-05 Articles

Powered by Koha